Gang of four (Record no. 1080560)

MARC details
000 -LEADER
fixed length control field 00699nam a2200253Ia 4500
003 - CONTROL NUMBER IDENTIFIER
control field OSt
005 - DATE AND TIME OF LATEST TRANSACTION
control field 20221006144721.0
008 - FIXED-LENGTH DATA ELEMENTS--GENERAL INFORMATION
fixed length control field 221006b |||||||| |||| 00| 0 eng d
020 ## - INTERNATIONAL STANDARD BOOK NUMBER
International Standard Book Number 03782689
-- 0.00
037 ## - SOURCE OF ACQUISITION
Terms of availability Textual
040 ## - CATALOGING SOURCE
Original cataloging agency EASL
Transcribing agency EASL
Language of cataloging eng
041 ## - LANGUAGE CODE
Source of code eng
Language code of text/sound track or separate title eng
100 ## - MAIN ENTRY--PERSONAL NAME
Personal name CHIN Steves S K Ed.
9 (RLIN) 652689
245 #0 - TITLE STATEMENT
Title Gang of four
Remainder of title First essays after the fall
260 ## - PUBLICATION, DISTRIBUTION, ETC.
Place of publication, distribution, etc. Hong Kong
Name of publisher, distributor, etc. University of Hong
Date of publication, distribution, etc. 1977
300 ## - PHYSICAL DESCRIPTION
Extent 191p.
Dimensions cm.
490 ## - SERIES STATEMENT
Volume/sequential designation CEL
942 ## - ADDED ENTRY ELEMENTS (KOHA)
Classification part V41.N77, L7
Koha item type Textual
Source of classification or shelving scheme Colon Classification (CC)
Holdings
Withdrawn status Lost status Source of classification or shelving scheme Damaged status Not for loan Home library Current library Date acquired Source of acquisition Serial Enumeration / chronology Total Checkouts Full call number Barcode Date last seen Price effective from Koha item type
          Department of East Asian Studies Library Department of East Asian Studies Library 2022-10-06 Gift, CEL   V41.N77 L7 EA1011576 2022-10-06 2022-10-06 Textual
Copyright @ Delhi University Library System